000 00923nam a2200265Ia 4500
003 OSt
005 20220930085203.0
006 a|||||r|||| 00| 0
007 ta
008 220926b |||||||| |||| 00| 0 eng d
024 _a91833
037 _cTheses
040 _aCRL
_cCRL
_beng
041 _2eng
_aeng
100 _aRuqeya Nazir
_9539647
110 _aUniversity of Delhi. Faculty of Medical Sciences. Department of Respiratory Virology
_9524884
245 0 _aEffect of programmed cell death and cytokines induced by influenza a virus infection in allergic asthma
_b A study in murine model
260 _c2008
300 _a155p.
_ap.
_ccm.
650 _aMIRCOBIOLOGY
700 _a Dr. Madhu Khanna Gu.
_9536570
700 _aUniversity of Delhi. Faculty of Medical Sciences. Department of Respiratory Virology
_9524885
942 _cDIS
_2CC
999 _c878503
_d878503